Riconosci lo Stato - Quiz n°4 - Statistics

Statistiche generali
  • Questo quiz è stato fatto 142 volte
  • Il punteggio medio è 11 su 12
Statistiche sulle risposte
Indizio Risposta % Corretto
Valuta Euro
97%
Iniziale della Capitale N
97%
Popolazione 1 700 000 ab.
93%
Superficie 9 250 km²
93%
Presidente della Repubblica Nikos Christodoulidīs
90%
Forma di Governo Repubblica presidenziale
90%
Fuso Orario UTC+2 UTC+3 in ora legale
89%
Indipendenza 16 agosto 1960 dal Regno Unito
88%
ISU 0,856
84%
PIL (nominale) 23 005 milioni di $
83%
Tasso di crescita 1,571%
79%
Risposta Cipro
79%
Nessun quiz corrispondente trovato
Distribuzione punteggi
Percentuale di utenti per punteggio
Percentile per numero di risposta
I tuoi punteggi nel tempo
Non hai fatto questo quiz